| Tag |
First Indicator |
Second Indicator |
Subfields |
| LEADER |
00000cam a2200000 4500 |
| 001 |
in00000047342 |
| 005 |
20151007071432.0 |
| 008 |
800603r1953 ne a 00010 eng d |
| 035 |
|
|
|a (OCoLC)06384754
|
| 035 |
|
|
|9 AAE5962AM
|
| 040 |
|
|
|a TXA
|c TXA
|d UtOrBLW
|
| 049 |
|
|
|a TXAM
|c [229820]
|
| 090 |
|
|
|a SB211. P8
|b S93 1953
|
| 092 |
|
|
|a 581.87
|b S971c
|
| 100 |
1 |
|
|a Swaminathan, M. S.
|
| 245 |
1 |
4 |
|a The cytology and genetics of the potato (Solanum tuberosum) and related species /
|c by M. S. Swaminathan and H. W. Howard.
|
| 264 |
|
1 |
|a The Hague :
|b Martinus Nijhoff,
|c 1953.
|
| 300 |
|
|
|a 192 pages :
|b illustrations
|
| 336 |
|
|
|a text
|b txt
|2 rdacontent
|
| 337 |
|
|
|a unmediated
|b n
|2 rdamedia
|
| 338 |
|
|
|a volume
|b nc
|2 rdacarrier
|
| 500 |
|
|
|a "Reprint from Bibliographia genetica XVI."
|
| 650 |
|
0 |
|a Plant cells and tissues.
|
| 650 |
|
0 |
|a Potatoes.
|
| 999 |
|
|
|a MARS
|
| 999 |
f |
f |
|s 258145ca-bd5a-3a26-82d5-be8f20be2ca7
|i 7d92ba19-4985-35d5-8514-59df3d2fdce2
|t 0
|
| 952 |
f |
f |
|p ric
|a Texas A&M University
|b Rellis Campus
|c Joint Library Facility
|d Remote Storage
|t 0
|e SB211. P8 S93 1953
|h Library of Congress classification
|i unmediated -- volume
|m A14800991745
|
| 998 |
f |
f |
|a SB211. P8 S93 1953
|t 0
|l Remote Storage
|